Statistics for Tennis Players - Picture Quiz

Click here to take the quiz!

General Stats

  • This quiz has been taken 267 times
    (266 since last reset)
  • The average score is 13 of 18

Answer Stats

Answer% Correct
Serena Williams
97%
Venus Williams
97%
Novak Djokovic
92%
Rafael Nadal
92%
Roger Federer
91%
Andre Agassi
87%
John McEnroe
80%
Boris Becker
79%
Maria Sharapova
79%
Steffi Graf
79%
Pete Sampras
76%
Martina Navratilova
75%
Monica Seles
58%
Martina Hingis
57%
Björn Borg
54%
Kim Clijsters
54%
Ivan Lendl
50%
Anna Kournikova
37%

Score Distribution

Percentile by Number Answered

Percent of People with Each Score

Your Score History

You have not taken this quiz since the last reset